Central Library OPAC University of Rajshahi

Rural electrification and development : (Record no. 57568)

MARC details
000 -LEADER
fixed length control field 00760nam a2200229 a 4500
001 - CONTROL NUMBER
control field 57568
003 - CONTROL NUMBER IDENTIFIER
rucl marc code BD-RjUL
005 - DATE AND TIME OF LATEST TRANSACTION
control field 20211209080529.0
008 - FIXED-LENGTH DATA ELEMENTS--GENERAL INFORMATION
fixed length control field 161210s1978 us a|||| |||| 00| 0 eng d
035 ## - SYSTEM CONTROL NUMBER
System control number (BD-RjUL)
040 ## - CATALOGING SOURCE
Original cataloging agency BD-RjUL
Language of cataloging eng
Transcribing agency BD-RjUL
041 ## - LANGUAGE CODE
Language code of text/sound track or separate title eng
082 ## - DEWEY DECIMAL CLASSIFICATION NUMBER
Edition number 23
Classification number 333.793207286
Author mark and year RUR 1978
245 ## - TITLE STATEMENT
Title Rural electrification and development :
Remainder of title social and economic impact in Costa Rica and Colombia /
Statement of responsibility, etc. John Saunders ...et al
260 ## - PUBLICATION, DISTRIBUTION, ETC. (IMPRINT)
Place of publication, distribution, etc. Boulder, Colorado :
Name of publisher, distributor, etc. Westview Press,
Date of publication, distribution, etc. c1978.
300 ## - PHYSICAL DESCRIPTION
Pagination xxiv, 180 p. :
Illustrations ill. ;
Size 22 cm.
490 ## - SERIES STATEMENT
Series statement A Westview replica edition
650 ## - SUBJECT ADDED ENTRY--TOPICAL TERM
Topical term or geographic name as entry element Rural electrification
Geographic subdivision Costa Rica
9 (RLIN) 170952
700 ## - ADDED ENTRY--PERSONAL NAME
Personal name Saunders, John
856 ## - ELECTRONIC LOCATION AND ACCESS
Materials specified A Westview replica edition
942 ## - ADDED ENTRY ELEMENTS (KOHA)
Source of classification or shelving scheme Dewey Decimal Classification
Koha item type Books
Holdings
Lost status Source of classification or shelving scheme Damaged status Not for loan Collection code Permanent Location Current Location Shelving location Date acquired Source of acquisition Total Checkouts Full call number Date last seen Copy number Koha item type
  Dewey Decimal Classification   Not For Loan Non-fiction Central Library, University of Rajshahi Central Library, University of Rajshahi Reading Room 12/04/1987 Asia Fundation   333.793207286 RUR 1978 10/12/2016 C-1 Books